| 000 | 00627nam a2200217 4500 | ||
|---|---|---|---|
| 003 | LK-CoMWRAF | ||
| 005 | 20231109132436.0 | ||
| 008 | 230829b2002 |||||||| |||| 00| 0 eng d | ||
| 020 | _a0072405449 | ||
| 040 |
_aLK-CoMWRAF _dLK-CoMWRAF _eLK-CoMWRAF |
||
| 041 | _aeng | ||
| 082 |
_a306.85 _bCHE |
||
| 100 | _aCherlin, Andrew J. | ||
| 245 |
_aPublic and private families : _b an introduction |
||
| 250 | _a3rd ed. | ||
| 260 |
_aNew York: _bMcGraw-Hill; _c2002 |
||
| 300 |
_a xxix, 564 p. : col. ill. ; 26 cm. _bBibliography and index included |
||
| 650 | _aFAMILIES- United States | ||
| 650 | _aFamily policy | ||
| 942 | _cBK | ||
| 999 |
_c3300 _d3300 |
||